<?xml version="1.0" encoding="UTF-8"?>
<record
    xmlns:xsi="http://www.w3.org/2001/XMLSchema-instance"
    xsi:schemaLocation="http://www.loc.gov/MARC21/slim http://www.loc.gov/standards/marcxml/schema/MARC21slim.xsd"
    xmlns="http://www.loc.gov/MARC21/slim">

  <leader>00714nam a22002291i 4500</leader>
  <controlfield tag="001">18900</controlfield>
  <datafield tag="090" ind1=" " ind2=" ">
    <subfield code="a">18900</subfield>
  </datafield>
  <datafield tag="010" ind1=" " ind2=" ">
    <subfield code="a">9789724237700</subfield>
  </datafield>
  <datafield tag="100" ind1=" " ind2=" ">
    <subfield code="a">20170304u        u  u0frey50      ba</subfield>
  </datafield>
  <datafield tag="101" ind1="0" ind2=" ">
    <subfield code="a">por</subfield>
  </datafield>
  <datafield tag="200" ind1="1" ind2=" ">
    <subfield code="f">Fina Casalderrey</subfield>
    <subfield code="a">A av&#xF3; tem um rem&#xE9;dio</subfield>
  </datafield>
  <datafield tag="215" ind1=" " ind2=" ">
    <subfield code="a">22, [2] p.</subfield>
    <subfield code="c">muito il.</subfield>
    <subfield code="d">21 cm</subfield>
  </datafield>
  <datafield tag="702" ind1=" " ind2="1">
    <subfield code="a">Rocha</subfield>
    <subfield code="b">Ernesto</subfield>
    <subfield code="4">730</subfield>
  </datafield>
  <datafield tag="701" ind1=" " ind2="1">
    <subfield code="a">L&#xF3;pez Dom&#xED;nguez</subfield>
    <subfield code="b">Xan</subfield>
    <subfield code="4">070</subfield>
  </datafield>
  <datafield tag="700" ind1=" " ind2="1">
    <subfield code="a">Casalderrey</subfield>
    <subfield code="b">Fina</subfield>
    <subfield code="4">070</subfield>
  </datafield>
  <datafield tag="210" ind1=" " ind2=" ">
    <subfield code="c">C&#xED;rculo de Leitores</subfield>
    <subfield code="a">Lisboa</subfield>
    <subfield code="d">imp. 2006</subfield>
  </datafield>
  <datafield tag="225" ind1="2" ind2=" ">
    <subfield code="a">Cavalo alado</subfield>
  </datafield>
  <datafield tag="410" ind1=" " ind2="0">
    <subfield code="t">Cavalo alado</subfield>
  </datafield>
  <datafield tag="225" ind1="2" ind2=" ">
    <subfield code="i">J&#xE1; sei ler a trote</subfield>
  </datafield>
  <datafield tag="411" ind1=" " ind2="0">
    <subfield code="t">J&#xE1; sei ler a trote</subfield>
  </datafield>
  <datafield tag="996" ind1=" " ind2=" ">
    <subfield code="f">0025468</subfield>
    <subfield code="k">CAS Inf</subfield>
    <subfield code="m">00000000</subfield>
    <subfield code="n">00000000</subfield>
    <subfield code="a">BMVAAL</subfield>
    <subfield code="b">3</subfield>
    <subfield code="v">Alc&#xE1;&#xE7;ovas</subfield>
    <subfield code="x">Literatura Infantil</subfield>
    <subfield code="y">35</subfield>
    <subfield code="e">Livro</subfield>
    <subfield code="1">0</subfield>
    <subfield code="3">1</subfield>
  </datafield>
  <datafield tag="990" ind1=" " ind2=" ">
    <subfield code="c">LIVROS</subfield>
  </datafield>
  <datafield tag="995" ind1=" " ind2=" ">
    <subfield code="0">0</subfield>
    <subfield code="1">0</subfield>
    <subfield code="9">25803</subfield>
    <subfield code="b">BMVA</subfield>
    <subfield code="d">BMVAAL</subfield>
    <subfield code="f">0018131</subfield>
    <subfield code="k">8 CAS</subfield>
    <subfield code="o">0</subfield>
    <subfield code="r">LIVROS</subfield>
    <subfield code="u">6-10 anos</subfield>
  </datafield>
</record>
